| 000 | 00682nam a2200205Ia 4500 | ||
|---|---|---|---|
| 003 | IN-BaIIA | ||
| 008 | 211028s9999 xx 000 0 eng d | ||
| 020 | _a0-306-11000-8 | ||
| 040 | _cIIA Library | ||
| 080 |
_a047.1:533.9 _bREV-10 |
||
| 245 | 0 |
_aReviews of pasma physics: vol. 10, translatted from Russian by Oleg Glebov _cedited by M. A Leontovich, Acad |
|
| 260 |
_aNew York _bConsultants Bureau _c1965 |
||
| 300 | _aviii, 517p. | ||
| 650 | _aAstronomy and astrophysics thesaurus | ||
| 650 |
_aMagnetohydrodynamics _91666 |
||
| 650 |
_aPlasma physics _93732 |
||
| 650 |
_aPlasmas _91898 |
||
| 700 | _aLeontovich, Acad. M. A., ed. | ||
| 942 | _cBK | ||
| 999 |
_c8949 _d8949 |
||